Catalog

Record Details

Catalog Search



100 dětí : jak se nám žije na světě  Cover Image Book Book

100 dětí : jak se nám žije na světě / Christoph Drösser, Nora Coenenberg ; z německého originálu 100 Kinder přeložila Viola Somogyi

Record details

  • ISBN: 978-80-262-2068-8
  • Physical Description: 102 stran : barevné ilustrace, mapy ; 25 cm
  • Edition: Vydání první
  • Publisher: Praha : Portál, 2023

Content descriptions

General Note:
Ilustrace Nora Coenenberg
Subject: děti > země světa
všeobecnosti a zajímavosti
children > countries of the world
facts and features
Genre: populárně-naučné publikace
obrazové publikace
publikace pro děti
popular works
pictorial works
children's literature

Available copies

  • 1 of 1 copy available at Common Catalog SPOK.

Holds

  • 0 current holds with 1 total copy.
Show All Copies
Location Call Number / Copy Notes Barcode Shelving Location Status Due Date
Jabok Library BL-4.3 424480045102 Beletrie Available -

LDR 02068nam a2200565 i 4500
00156551
003CZ-PrJAB
00520231205115938.0
007ta
008230612s2023 xr ab b f 000 0 cze
015 . ‡acnb003533084
020 . ‡a978-80-262-2068-8 ‡q(vázáno)
035 . ‡a(CZ PrNK)nkc20233533084
040 . ‡aABA001 ‡bcze ‡dOLA001 ‡erda
0411 . ‡acze ‡hger
043 . ‡ax------
072 7. ‡a00 ‡xVěda. Všeobecnosti. Základy vědy a kultury. Vědecká práce ‡2Konspekt ‡912
072 7. ‡a0/9-053.2 ‡xLiteratura pro děti a mládež (naučná) ‡2Konspekt ‡926
080 . ‡a316.346.32-053.2 ‡2MRF
080 . ‡a0/9 ‡2MRF
080 . ‡a(100) ‡2MRF
080 . ‡a(0.062) ‡2MRF
080 . ‡a(084.11) ‡2MRF
080 . ‡a(0.053.2) ‡2MRF
1001 . ‡aDrösser, Christoph, ‡d1958- ‡7mzk2011664132 ‡4aut
24010. ‡a100 Kinder. ‡lČesky
24510. ‡a100 dětí : ‡bjak se nám žije na světě / ‡cChristoph Drösser, Nora Coenenberg ; z německého originálu 100 Kinder přeložila Viola Somogyi
2463 . ‡aSto dětí
250 . ‡aVydání první
264 1. ‡aPraha : ‡bPortál, ‡c2023
300 . ‡a102 stran : ‡bbarevné ilustrace, mapy ; ‡c25 cm
336 . ‡atext ‡btxt ‡2rdacontent
336 . ‡astatický obraz ‡bsti ‡2rdacontent
337 . ‡abez média ‡bn ‡2rdamedia
338 . ‡asvazek ‡bnc ‡2rdacarrier
500 . ‡aIlustrace Nora Coenenberg
65007. ‡aděti ‡7ph114392 ‡zzemě světa ‡2czenas
65007. ‡avšeobecnosti a zajímavosti ‡7ph116736 ‡2czenas
65009. ‡achildren ‡zcountries of the world ‡2eczenas
65009. ‡afacts and features ‡2eczenas
655 7. ‡apopulárně-naučné publikace ‡7fd131864 ‡2czenas
655 7. ‡aobrazové publikace ‡7fd132947 ‡2czenas
655 7. ‡apublikace pro děti ‡7fd133156 ‡2czenas
655 9. ‡apopular works ‡2eczenas
655 9. ‡apictorial works ‡2eczenas
655 9. ‡achildren's literature ‡2eczenas
7001 . ‡aCoenenberg, Nora, ‡d1978- ‡7pna20221136826 ‡4ill
7001 . ‡aSomogyi, Viola, ‡d1964- ‡7xx0021382 ‡4trl
910 . ‡aABG312
995 . ‡aska
901 . ‡a56551 ‡bAUTOGEN ‡c56551 ‡tbiblio

Additional Resources